New developments in EU-Russia civil aviation relations

Uložené v:
Podrobná bibliografia
Hlavný autor: Grančay, Martin, 1984-2024
Médium: Kapitola
Jazyk:English
Tagy: Pridať tag
Žiadne tagy, Buďte prvý, kto otaguje tento záznam!

MARC

LEADER 00000nla a2200000 4500
001 0165939
005 20240502083406.0
041 0 |a eng 
044 |a RU 
245 1 0 |a New developments in EU-Russia civil aviation relations  |c Martin Grančay 
100 1 |a Grančay, Martin, 1984-2024